„What is good in people disposing of themselves if they are not submitted to God?" the role of religion in Alexis de Tocqueville's conception of society /
Elmentve itt :
| Szerző: | |
|---|---|
| Dokumentumtípus: | Könyv része |
| Megjelent: |
2008
|
| Sorozat: | Acta studiorum religionis
3 Vallástudományi tanulmányok III. 3 |
| Kulcsszavak: | Vallástudomány |
| Tárgyszavak: | |
| Online Access: | http://acta.bibl.u-szeged.hu/25216 |
| LEADER | 00869naa a2200217 i 4500 | ||
|---|---|---|---|
| 001 | acta25216 | ||
| 005 | 20210923084154.0 | ||
| 008 | 161017s2008 hu o 0|| eng d | ||
| 022 | |a 1419-2381 | ||
| 040 | |a SZTE Egyetemi Kiadványok Repozitórium |b hun | ||
| 041 | |a eng | ||
| 100 | 1 | |a Sarnyai Csaba Máté | |
| 245 | 1 | 0 | |a „What is good in people disposing of themselves if they are not submitted to God?" |h [elektronikus dokumentum] : |b the role of religion in Alexis de Tocqueville's conception of society / |c Sarnyai Csaba Máté |
| 260 | |c 2008 | ||
| 300 | |a 210 | ||
| 490 | 0 | |a Acta studiorum religionis |v 3 | |
| 490 | 0 | |a Vallástudományi tanulmányok III. |v 3 | |
| 650 | 4 | |a Bölcsészettudományok | |
| 650 | 4 | |a Filozófia, etika és vallástudományok | |
| 695 | |a Vallástudomány | ||
| 856 | 4 | 0 | |u http://acta.bibl.u-szeged.hu/25216/1/religiosa_003_210.pdf |z Dokumentum-elérés |